000 00637nam a22002417a 4500
003 UA-OsUOA
001 104397
007 ta
008 20131218b un ||||| |||| 00| 0 ukr d
100 _aФеттіх Н.
090 _a94(477-25)
_bФ45
942 _cBK
040 _aUA-OsUOA
_bukr
_cUA-OsUOA
_dUA-OsUOA
245 _aКиївський щоденник
_b3.12.1941 - 19.01.1942
300 _a168 с.
955 _a2
041 _aukr
080 _a94(477-25)
020 _a966-95997-9-2
260 _aК.
_bСофія-А
_c2004
650 7 _a9 Географія. Біографії. Історія
_2UDC
999 _c390374
_d390374